[Event "45th FIDE Chess Olympiad Open"]
[Site "Budapest, Hungary"]
[Date "2024.09.12"]
[Round "2"]
[White "Draskovic, Luka"]
[Black "Bengherabi, Khalil"]
[Result "1-0"]
[WhiteElo "2497"]
[BlackElo "2076"]
[PlyCount "119"]
[EventDate "2024.??.??"]
[WhiteTeam "Montenegro"]
[BlackTeam "Algeria"]
[WhiteTeamCountry "MNE"]
[BlackTeamCountry "ALG"]
[WhiteClock "0:34:54"]
[BlackClock "0:04:09"]

1. e4 c5 2. Nc3 Nc6 3. Bb5 Nd4 4. Bc4 e6 5. Nge2 Ne7 6. O-O g6 7. Nxd4 cxd4 8. Nb5 Nc6 9. c3 Qb6 10. d3 a6 11. Nxd4 Nxd4 12. cxd4 Qxd4 13. Rb1 $146 ({RR} 13. Be3 Qd6 14. d4 Bg7 15. e5 Qe7 16. f4 b5 17. Bb3 Bb7 18. d5 exd5 19. Bxd5 Bxd5 20. Qxd5 Rc8 21. Rac1 O-O 22. Bc5 Qh4 23. Bxf8 Rxc1 24. Rxc1 Qxf4 25. Rf1 Qe3+ 26. Kh1 {1-0 Thiel,T (2148)-Nemeth,J (2143) Titled Tue 1st Aug Late 2023 (7)}) 13... Bg7 14. Be3 Qd6 15. d4 b5 16. Bb3 Bb7 17. d5 exd5 18. Bd4 O-O 19. Bxg7 Kxg7 20. Qd4+ f6 21. Rfd1 Rfe8 22. f3 Rac8 23. Bxd5 Bxd5 24. Qxd5 Qxd5 25. Rxd5 Re7 26. Rbd1 Rc2 27. R1d2 Rc7 28. Rd6 Ra7 29. Kf2 Kf7 30. g4 a5 31. h4 Rb7 32. g5 fxg5 33. hxg5 Re5 34. Rxd7+ Rxd7 35. Rxd7+ Ke6 36. Rxh7 Rxg5 37. Rc7 Rh5 38. Rc6+ Kf7 39. Kg2 Rg5+ 40. Kf1 Rh5 41. Rc2 Ke6 42. Ke2 Kd6 43. Ke3 Rg5 44. Kf4 Rg1 45. Rd2+ Kc6 46. Ke5 Rg3 47. f4 Rg4 48. f5 gxf5 49. exf5 Rg1 50. f6 Re1+ 51. Kf5 Rf1+ 52. Ke6 Re1+ 53. Kf7 Rg1 54. Ke7 Re1+ 55. Kf8 Rf1 56. f7 Rg1 57. Rd4 Rg2 58. Ke7 Re2+ 59. Kf6 Rxb2 60. Rf4 1-0

[Event "45th FIDE Chess Olympiad Open"]
[Site "Budapest, Hungary"]
[Date "2024.09.12"]
[Round "2"]
[White "Kuybokarov, Temur"]
[Black "Mandizha, Farai"]
[Result "1-0"]
[WhiteElo "2562"]
[BlackElo "2371"]
[PlyCount "71"]
[EventDate "2024.??.??"]
[WhiteTeam "Australia"]
[BlackTeam "Zimbabwe"]
[WhiteTeamCountry "AUS"]
[BlackTeamCountry "ZIM"]
[WhiteClock "0:11:12"]
[BlackClock "0:02:01"]

1. e4 c5 2. Nf3 d6 3. d4 cxd4 4. Nxd4 Nf6 5. Nc3 a6 6. h3 e5 7. Nb3 Be6 8. f4 Qc7 ({RR} 8... g6 9. Be2 Nbd7 10. O-O Rc8 11. Be3 Be7 12. f5 Bc4 13. Bxc4 Rxc4 14. Qd3 b5 15. a4 O-O 16. axb5 axb5 17. Na5 Rc8 18. Nxb5 Nc5 19. Bxc5 dxc5 20. Nc4 Rb8 21. Qxd8 Rfxd8 22. Nc3 Rd4 23. Nxe5 {½-½ So,W (2767)-Vachier Lagrave,M (2774) chess.com Speed blitz 2019 (2.4)}) 9. g4 exf4 ({RR} 9... h6 10. Bg2 Nbd7 11. f5 Bxb3 12. axb3 Rc8 13. Be3 Be7 14. h4 h5 15. g5 Ng4 16. Bg1 d5 17. Qxd5 Bb4 18. O-O-O Nb8 19. Rh3 O-O 20. Qd3 Qa5 21. Na4 Rc6 22. Kb1 b5 23. Nc3 Bxc3 24. bxc3 {1-0 Wang,T (2386)-Fodor,B (2244) Budapest 1 Week Aug IMA 2024 (3.5)}) 10. Bxf4 Nc6 11. g5 $146 ({RR} 11. Qd2 Ne5 12. O-O-O Rc8 13. Nd4 Be7 14. Nf5 Bxf5 15. exf5 h6 16. Be2 b5 17. a3 O-O 18. h4 Nexg4 19. Bxg4 Nxg4 20. Nd5 Qd7 21. Qe2 Ne5 22. Bxe5 Rfe8 23. Qg2 {1-0 Hossain,E (2402)-Ghosh,C (2001) Dhaka Sheikh Hasina op 2021 (8)}) 11... Nd7 12. Qd2 Nce5 13. O-O-O Rc8 14. Nd4 Qa5 15. Kb1 Bc4 16. Nb3 Qc7 17. h4 b5 18. Bh3 Rd8 19. Nd5 Bxd5 20. exd5 Be7 21. Nd4 O-O 22. h5 Nc4 23. Qe2 Ndb6 24. Bc1 Nxd5 25. Qe4 Ndb6 26. Bf5 d5 27. Bxh7+ Kh8 28. Qg2 Na4 29. g6 Ncxb2 30. h6 Bf6 31. hxg7+ Bxg7 32. gxf7 Rxf7 33. Bg6+ Kg8 34. Bxf7+ Qxf7 35. Bxb2 b4 36. Nf5 1-0

[Event "45th FIDE Chess Olympiad Open"]
[Site "Budapest, Hungary"]
[Date "2024.09.12"]
[Round "2"]
[White "Makoto, Rodwell"]
[Black "Sardana, Rishi"]
[Result "1-0"]
[WhiteElo "2311"]
[BlackElo "2477"]
[PlyCount "69"]
[EventDate "2024.??.??"]
[WhiteTeam "Zimbabwe"]
[BlackTeam "Australia"]
[WhiteTeamCountry "ZIM"]
[BlackTeamCountry "AUS"]
[WhiteClock "0:14:11"]
[BlackClock "0:00:34"]

1. Nf3 d5 2. g3 g6 3. Bg2 Bg7 4. d4 Nf6 5. O-O O-O 6. c4 dxc4 7. Na3 c3 8. bxc3 c5 9. Nc4 Nc6 10. Nce5 Nd5 11. Bd2 Nxe5 12. Nxe5 Be6 13. e4 Nb6 14. Be3 $146 ({RR} 14. Nf3 Bg4 {½-½ Gutman,L (2438)-Karpatchev,A (2466) Stuttgart-chA op 2015 (7)}) 14... Nc4 15. Nxc4 Bxc4 16. Re1 Qa5 17. e5 Rfd8 18. Bxb7 Rab8 19. Qf3 Qxc3 20. Rec1 Qb2 21. Rab1 Qxa2 22. dxc5 Bxe5 23. Qe4 Bc3 24. c6 Bd3 25. Qxe7 Re8 26. c7 Rbc8 27. Qc5 Bxb1 28. Qxc3 Bf5 29. Bh6 f6 30. Qxf6 Qf7 31. Qd6 Bh3 32. f3 a5 33. g4 Kh8 34. Bxc8 Rxc8 35. Qd8+ 1-0

[Event "45th FIDE Chess Olympiad Open"]
[Site "Budapest, Hungary"]
[Date "2024.09.12"]
[Round "2"]
[White "Zhao, Zong-Yuan"]
[Black "Mwadzura, Roy"]
[Result "1-0"]
[WhiteElo "2478"]
[BlackElo "2229"]
[PlyCount "147"]
[EventDate "2024.??.??"]
[WhiteTeam "Australia"]
[BlackTeam "Zimbabwe"]
[WhiteTeamCountry "AUS"]
[BlackTeamCountry "ZIM"]
[WhiteClock "0:03:56"]
[BlackClock "0:14:12"]

1. d4 e6 2. Nf3 Nf6 3. Bf4 c5 4. e3 Nc6 5. Nbd2 d5 6. c3 Bd6 7. Bg3 Bxg3 8. hxg3 Qe7 9. Bb5 ({RR} 9. Ne5 Nd7 10. Qg4 Ndxe5 11. dxe5 f5 12. exf6 gxf6 13. Bd3 Bd7 14. Qh5+ Kd8 15. O-O-O Kc7 16. Nf3 Raf8 17. e4 d4 18. cxd4 cxd4 19. Kb1 e5 20. Rc1 Kb8 21. Bc4 Be6 22. Nd2 Bxc4 23. Rxc4 Rc8 {½-½ Grischuk,A (2810)-Radjabov,T (2734) Beijing Sportaccord blitz 2014 (26)}) 9... Bd7 10. Bxc6 Bxc6 11. Ne5 Qc7 $146 ({RR} 11... Nd7 12. Nxc6 bxc6 13. Qa4 Qd6 14. dxc5 Nxc5 15. Qc2 h6 16. Rh4 Rd8 17. b4 Nd7 18. Qa4 Qc7 19. Nb3 O-O 20. Nd4 Nb8 21. Kf1 a6 22. Nb3 Qb6 23. Nc5 Qb5+ 24. Qxb5 axb5 25. a4 bxa4 26. Rxa4 {0-1 Saraiva Silva,L (1787)-Leao,F (1871) Maraba op 1st 2014 (5)}) ({RR} 11... Bd7 12. g4 cxd4 13. cxd4 Bb5 14. Qb3 Ba6 15. Qa4+ Nd7 16. b4 Bc4 17. Ndxc4 dxc4 18. Rc1 a6 19. Nxd7 b5 20. Qa5 Qxd7 21. a4 Qd5 22. Qc7 Qxg2 23. Ke2 O-O 24. Rcg1 Qe4 25. Qh2 Qd3+ 26. Ke1 {0-1 Kaminski,V (2247)-Mizzi,J (2051) Titled Tue 9th Apr Early 2024 (11)}) ({RR} 11... Bb5 12. Qb3 Bc6 13. g4 Nd7 14. Ndf3 Nf8 15. Nxc6 bxc6 16. Ne5 Rc8 17. dxc5 Ng6 18. Nxg6 fxg6 19. Qc2 O-O 20. b4 e5 21. O-O Qg5 22. c4 Qxg4 23. cxd5 Qxb4 24. d6 Rb8 25. Rab1 Qg4 26. Rxb8 {1-0 Gliksman,D (2320)-Sapi,L (2380) Budapest KPVDSZ Honved 1978 (12.6)}) ({RR} 11... Rc8 12. g4 Nd7 13. Nxd7 Kxd7 14. Qf3 Rcf8 15. O-O-O cxd4 16. exd4 h6 17. Rh5 Kc8 18. Qg3 Qc7 19. Qxc7+ Kxc7 20. Rdh1 f6 21. f4 Rhg8 22. Re1 Kd6 23. Nf3 Be8 24. Rhh1 Bf7 25. Kd2 Rh8 26. a4 {1-0 Agababean,N (2205)-Cosma,E (2320) Timisoara (Women) 1994 (11)}) 12. Qf3 h6 13. g4 Rf8 14. Qf4 cxd4 15. Qxd4 Qb6 16. O-O-O Qxd4 17. exd4 Bb5 18. Rde1 O-O-O 19. Rh3 Ne8 20. Rhe3 Nc7 21. f4 Be8 22. Ndf3 f6 23. Nd3 b6 24. f5 exf5 25. gxf5 g5 26. fxg6 Bxg6 27. Nf2 Rd7 28. Kd2 Rg7 29. Re7 Rgg8 30. Nh4 Kd8 31. R7e3 Bh7 32. b3 b5 33. Rf3 Rg5 34. g3 Ne8 35. Re6 Rfg8 36. Rfe3 Bb1 37. a4 bxa4 38. bxa4 R5g7 39. Nd3 Bxd3 40. Kxd3 Rg5 41. Ng2 Nc7 42. Rxf6 Rxg3 43. Nf4 Rxe3+ 44. Kxe3 Kd7 45. Rxh6 Rg3+ 46. Kd2 Rg4 47. Rh7+ Kd6 48. Rf7 a5 49. Kc2 Rg1 50. Rf6+ Kd7 51. Nd3 Rg2+ 52. Kb3 Rg3 53. Nc5+ Ke7 54. Rc6 Ne8 55. Re6+ Kd8 56. Ra6 Kc7 57. Ne6+ Kd7 58. Nf4 Nc7 59. Rxa5 Kd6 60. Rc5 Rf3 61. Rxc7 Kxc7 62. Nxd5+ Kd6 63. Kc4 Rf8 64. Nb4 Ra8 65. Kb3 Rh8 66. a5 Rh3 67. Kc4 Rh5 68. d5 Rh1 69. Kb5 Kc7 70. c4 Kb7 71. c5 Rh5 72. d6 Rg5 73. a6+ Ka7 74. d7 1-0

[Event "45th FIDE Chess Olympiad Open"]
[Site "Budapest, Hungary"]
[Date "2024.09.12"]
[Round "2"]
[White "Mushore, Emarald Takudzwa"]
[Black "Smerdon, David C"]
[Result "0-1"]
[WhiteElo "2150"]
[BlackElo "2475"]
[PlyCount "44"]
[EventDate "2024.??.??"]
[WhiteTeam "Zimbabwe"]
[BlackTeam "Australia"]
[WhiteTeamCountry "ZIM"]
[BlackTeamCountry "AUS"]
[WhiteClock "0:01:12"]
[BlackClock "0:49:12"]

1. e4 c5 2. Nf3 Nc6 3. d4 cxd4 4. Nxd4 g6 5. Nc3 Bg7 6. Be3 Nf6 7. h3 O-O 8. Qd2 d5 9. exd5 ({RR} 9. O-O-O dxe4 10. Nxc6 Qxd2+ 11. Rxd2 bxc6 12. Bc4 h5 13. Rhd1 a5 14. Na4 Bf5 15. a3 Rab8 16. Bf4 Rb7 17. Bg5 Ne8 18. Bb3 Nd6 19. Nc5 Ra7 20. Bf4 Rb8 21. a4 Kh7 22. c3 Rba8 23. Ba2 f6 {½-½ Jbuczyna (2434)-VoidChessICC (2472) PAL/CSS Freestyle op 3rd rapid 2006 (6)}) 9... Nxd5 10. Nxc6 bxc6 11. Bd4 e5 $146 ({RR} 11... Bxd4 12. Qxd4 Qa5 13. Qa4 Qb6 14. Nd1 Bf5 15. c3 e5 16. Ba6 Rad8 17. O-O Nf4 18. Ne3 Bd3 19. Bxd3 Nxd3 20. b3 f5 21. Nc4 Qc7 22. Qa5 Qe7 23. Qa6 Rf6 24. Rad1 e4 25. Rd2 f4 26. Nb2 {0-1 Saltaev,M (2345)-Serper,G (2450) Agzamov Memorial 1987}) ({RR} 11... Bxd4 12. Qxd4 Qa5 13. Qa4 Qb6 14. Qa3 e6 15. O-O-O Qxf2 16. Ne2 Ne3 17. Qe7 Nxd1 18. b3 Qe1 19. Qc5 Nc3+ 20. Kb2 Qb1+ 21. Ka3 Qxa2+ 22. Kb4 Nd5+ 23. Kc4 Qxc2+ 24. Kd4 Qe4+ {0-1 Arshinkova,B (1383)-Finek,V (2038) EU Union-ch U12 2019 (1)}) 12. Bc5 Nxc3 13. Qxc3 e4 14. Qa3 e3 15. Bxe3 Rb8 16. c3 Qd5 17. Rc1 Re8 18. b3 Bf5 19. Qa6 Rbd8 20. Be2 Qxg2 21. Rf1 Rxe3 22. fxe3 Be5 0-1

[Event "45th FIDE Chess Olympiad Open"]
[Site "Budapest, Hungary"]
[Date "2024.09.12"]
[Round "2"]
[White "Miguel, Sergio"]
[Black "Bogner, Sebastian"]
[Result "1-0"]
[WhiteElo "2241"]
[BlackElo "2545"]
[PlyCount "117"]
[EventDate "2024.??.??"]
[WhiteTeam "Angola"]
[BlackTeam "Switzerland"]
[WhiteTeamCountry "ANG"]
[BlackTeamCountry "SUI"]
[WhiteClock "0:16:55"]
[BlackClock "0:02:46"]

1. e4 c5 2. Nf3 d6 3. Bb5+ Nd7 4. d4 Ngf6 5. Nc3 cxd4 6. Qxd4 e5 7. Qd3 h6 8. Be3 a6 9. Ba4 b5 10. Bb3 Bb7 11. a4 Qa5 12. O-O b4 13. Nd5 Bxd5 14. Bxd5 Nxd5 15. Qxd5 Qxd5 16. exd5 Nf6 $146 ({RR} 16... Rc8 17. Rac1 Nf6 18. Rfd1 Be7 19. g3 Kd7 20. Ne1 Rb8 21. Ng2 Bd8 22. h3 Ba5 23. Nh4 g6 24. Rd3 h5 25. Rdd1 Rhc8 26. Ng2 Rc7 27. f3 Rbc8 28. Ne1 Ke8 29. b3 Nd7 30. Kf2 f5 31. h4 {0-1 Vyskocil,N (2347)-Cernousek,L (2431) Pardubice tt 2009 (6)}) 17. Rfd1 Be7 18. a5 Rb8 19. c4 bxc3 20. bxc3 Kd7 21. c4 Rhc8 22. c5 Rb5 23. h3 Ne4 24. c6+ Ke8 25. Rdb1 Rxd5 26. Rb6 Nc5 27. Rc1 Nd3 28. Rcb1 Nc5 29. Rc1 e4 30. Nd2 Bg5 31. Nc4 Ke7 32. Bxg5+ Rxg5 33. Ne3 Ke6 34. Kf1 Rc7 35. Rc4 Re5 36. g4 g6 37. Rd4 d5 38. Rb8 Nd3 39. Re8+ Re7 40. Rxe7+ Kxe7 41. Nxd5+ Kd8 42. f4 Nxf4 43. Nxf4+ Kc7 44. Rd7+ Kxc6 45. Rxf7 g5 46. Rf6+ Kd7 47. Ne2 Rxa5 48. Rxh6 Ra3 49. Kg2 a5 50. Rg6 a4 51. Rxg5 Ra2 52. Kf2 e3+ 53. Kxe3 Ra3+ 54. Kf4 Rxh3 55. Ra5 Ra3 56. g5 Ke6 57. Ra6+ Kf7 58. Kf5 Rf3+ 59. Nf4 1-0

[Event "45th FIDE Chess Olympiad Open"]
[Site "Budapest, Hungary"]
[Date "2024.09.12"]
[Round "2"]
[White "Pelletier, Yannick"]
[Black "Sapalo, Gabriel"]
[Result "1-0"]
[WhiteElo "2526"]
[BlackElo "2058"]
[PlyCount "93"]
[EventDate "2024.??.??"]
[WhiteTeam "Switzerland"]
[BlackTeam "Angola"]
[WhiteTeamCountry "SUI"]
[BlackTeamCountry "ANG"]
[WhiteClock "0:16:20"]
[BlackClock "0:13:41"]

1. Nf3 Nf6 2. c4 e6 3. Nc3 d5 4. d4 c5 5. cxd5 cxd4 6. Qxd4 exd5 7. e4 dxe4 8. Qxd8+ Kxd8 9. Ng5 Be6 10. Nxe6+ fxe6 11. Bc4 Kd7 $146 ({RR} 11... Nbd7 12. Bxe6 Bb4 13. Ke2 Re8 14. Bxd7 Kxd7 15. Rd1+ Ke6 16. Nb5 Rac8 17. Be3 a6 18. Nd4+ Kf7 19. Rac1 g6 20. Nb3 Rxc1 21. Rxc1 Bd6 22. h3 Be5 23. Nc5 Re7 24. b3 Bd6 25. Na4 Nd5 26. Nb6 {1-0 Bolbochan,J-Maderna,C Mar del Plata International-16 1953 (7)}) ({RR} 11... Ke7 12. O-O Nbd7 13. Be3 Rc8 14. Bb3 Nc5 15. Bxc5+ Rxc5 16. Rfe1 g6 17. Nxe4 Nxe4 18. Rxe4 e5 19. f4 Bg7 20. Rae1 Rf8 21. fxe5 Rf5 22. e6 Bxb2 23. Rd1 Rc7 24. g4 Rf8 25. Kg2 b5 26. Re2 {1-0 Carlsen,M (2862)-So,W (2770) Skilling op KO rapid 2020 (3.11)}) ({RR} 11... Ke7 12. Bg5 Kf7 13. a3 Nbd7 14. O-O Rc8 15. Bb3 h6 16. Bxf6 Nxf6 17. Rfe1 Rc6 18. Nxe4 Rb6 19. Bc4 Be7 20. b3 Rd8 21. g3 Rd4 22. Nxf6 Kxf6 23. Ra2 g5 24. Kg2 Bc5 25. Rae2 Rdd6 26. b4 {½-½ Flom,G (2439)-Veinberg,N (2414) TCh-ISR 2024 (4.5)}) ({RR} 11... Ke7 12. Bg5 h6 13. Bxf6+ gxf6 14. Nxe4 Nd7 15. O-O f5 16. Ng3 Rc8 17. Bb3 Nc5 18. Rfe1 Kf6 19. Rac1 Bd6 20. Rxc5 Bxc5 21. Rxe6+ Kg5 22. h4+ Kxh4 23. Rg6 Rcf8 24. Be6 f4 25. Rg4# {1-0 Ozen,B (2369)-Demin,V (2430) Titled Tue 21st Mar Early 2023 (7)}) ({RR} 11... Ke7 12. Bf4 Nc6 13. O-O-O Kf7 14. Rhe1 Bb4 15. Bd2 Rac8 16. Nxe4 Na5 17. b3 Nxc4 18. Bxb4 Nxe4 19. Rd7+ Kg6 20. Kb1 Nf6 21. Rxb7 Rb8 22. Rxb8 Rxb8 23. Bc3 Kf7 24. Rd1 Nd5 25. Kc2 Nd6 26. Bd4 {0-1 Ivanov,S (2462)-Lintchevski,D (2570) St Petersburg Blitz 2021 (14)}) 12. Bg5 Bb4 13. O-O-O+ Ke7 14. Rhe1 Bxc3 15. bxc3 Rc8 16. Rxe4 Rc6 17. Bd5 Rb6 18. Rde1 Nbd7 19. Rxe6+ Kf8 20. Rxb6 axb6 21. Bb3 Re8 22. Rxe8+ Kxe8 23. f3 Ke7 24. Kd2 Nc5 25. Ke3 h6 26. Bxf6+ Kxf6 27. Kd4 Ke7 28. f4 h5 29. g3 h4 30. gxh4 Kf6 31. Bc2 Ne6+ 32. Ke4 Nc5+ 33. Kd5 Ne6 34. Ke4 Nc5+ 35. Kd5 Ne6 36. f5 Nf4+ 37. Kd6 b5 38. Kc5 Ne2 39. Kb4 Ke5 40. a3 Nf4 41. Kxb5 Nd5 42. Kc5 Nxc3 43. Kb6 Kd6 44. Kxb7 Kc5 45. f6 gxf6 46. h5 Nb5 47. Bg6 1-0

[Event "45th FIDE Chess Olympiad Open"]
[Site "Budapest, Hungary"]
[Date "2024.09.12"]
[Round "2"]
[White "Silva, David"]
[Black "Peng, Li Min"]
[Result "0-1"]
[WhiteElo "2363"]
[BlackElo "2514"]
[PlyCount "110"]
[EventDate "2024.??.??"]
[WhiteTeam "Angola"]
[BlackTeam "Switzerland"]
[WhiteTeamCountry "ANG"]
[BlackTeamCountry "SUI"]
[WhiteClock "0:19:52"]
[BlackClock "0:12:03"]

1. e4 c5 2. Nf3 d6 3. Nc3 Nf6 4. d4 cxd4 5. Nxd4 a6 6. a3 Nbd7 7. g4 ({RR} 7. Be3 e6 8. g4 Nc5 9. Qf3 Bd7 10. g5 Ng8 11. h4 Ne7 12. O-O-O Ng6 13. h5 Ne5 14. Qg3 Qa5 15. f4 Nc6 16. Bc4 b5 17. Bd5 Rc8 18. Rhe1 b4 19. Bxc6 bxc3 20. Bxd7+ Nxd7 21. Nb3 cxb2+ {0-1 Azar,S (2003)-Seo,J (2455) Titled Tue 23rd Apr Early 2024 (1)}) 7... h6 8. Bg2 $146 ({RR} 8. h4 g6 9. Bg2 Ne5 10. g5 Nh5 11. f4 Bg4 12. Qd2 Nc4 13. Qd3 Rc8 14. b3 Nb6 15. f5 Qc7 16. Bb2 Bg7 17. fxg6 fxg6 18. O-O hxg5 19. e5 Bxe5 20. Rae1 Rg8 21. Nd5 Nxd5 22. Bxd5 Rg7 {0-1 Chigaev,M (2631)-Xiong,J (2709) PNWCC Online Blitz JP 21 2021 (8)}) 8... Ne5 9. h3 g5 10. Qe2 Bd7 11. f4 gxf4 12. Bxf4 Rc8 13. O-O-O Rxc3 14. bxc3 Qc7 15. Bxe5 dxe5 16. Nb3 e6 17. Kb2 Bb5 18. Qf3 Nd7 19. Rxd7 Bxd7 20. Rd1 Be7 21. Qd3 Bb5 22. Qe3 Kf8 23. Qg3 a5 24. Bf1 Bc6 25. Bd3 a4 26. Nd2 Qb6+ 27. Ka2 Qc5 28. Nb1 Bg5 29. h4 Bf4 30. Qf3 Ke7 31. Qe2 Rg8 32. c4 Qd4 33. Qe1 Qe3 34. Qb4+ Kf6 35. Nc3 Rxg4 36. Qf8 Rg2 37. h5 Rd2 38. Rxd2 Qxd2 39. Nd5+ exd5 40. exd5 e4 41. Bxe4 Qe1 42. Qh8+ Ke7 43. Qd4 Bd7 44. c5 Qg3 45. d6+ Bxd6 46. cxd6+ Qxd6 47. Qe3 Be6+ 48. Kb1 Qd1+ 49. Kb2 Qxh5 50. Qc3 Qb5+ 51. Kc1 Qf1+ 52. Kb2 Qf6 53. Bxb7 h5 54. Bc6 h4 55. Bh1 h3 0-1

[Event "45th FIDE Chess Olympiad Open"]
[Site "Budapest, Hungary"]
[Date "2024.09.12"]
[Round "2"]
[White "Kurmann, Oliver"]
[Black "Junior, Domingos"]
[Result "1-0"]
[WhiteElo "2421"]
[BlackElo "2183"]
[PlyCount "68"]
[EventDate "2024.??.??"]
[WhiteTeam "Switzerland"]
[BlackTeam "Angola"]
[WhiteTeamCountry "SUI"]
[BlackTeamCountry "ANG"]
[WhiteClock "0:11:12"]
[BlackClock "0:30:30"]

1. e4 c6 2. d4 d5 3. Nd2 dxe4 4. Nxe4 Nf6 5. Nxf6+ exf6 6. c3 Bf5 7. Ne2 Bd6 8. Ng3 Bg6 9. Qe2+ Qe7 10. Qxe7+ Kxe7 11. f4 ({RR} 11. Bd2 h5 12. O-O-O h4 13. Re1+ Kf8 14. Ne4 Bc7 15. Nc5 b6 16. Nd3 Bd6 17. Bf4 Be7 18. Nb4 a5 19. Nc2 Nd7 20. Ne3 a4 21. Be2 Be4 22. Bg4 g5 23. Bc7 Ra7 24. Bxd7 Rxc7 25. Bf5 Bd5 {1-0 Sokolovsky,Y (2471)-Kochavi,O (2424) TCh-ISR 2024 (11.13)}) 11... Nd7 $146 ({RR} 11... h6 12. Kf2 Nd7 13. Kf3 Rae8 14. f5 Bxg3 15. fxg6 Bb8 16. Bd3 Nf8 17. Re1+ Kd8 18. Rxe8+ Kxe8 19. gxf7+ Kxf7 20. Bd2 Ne6 21. Bc4 Re8 22. Re1 f5 23. g4 Kf6 24. gxf5 Kxf5 25. Bxe6+ Rxe6 26. Rxe6 {½-½ Jozefik,A (1729)-Ullrich,K (1748) POL-ch U18 Sypniewo 2022 (7)}) ({RR} 11... Re8 12. Be2 Kf8 13. O-O h6 14. Bd2 Be4 15. Nxe4 Rxe4 16. Bd3 Re8 17. Rfe1 Nd7 18. c4 g6 19. g3 f5 20. Kf2 Nf6 21. Kf3 Re6 22. Bc3 Rae8 23. Rxe6 fxe6 24. a4 Kf7 25. c5 Be7 26. a5 {½-½ Topola,R (1961)-Ullrich,K (1605) POL-ch U17 Qual 2021 (1)}) 12. Kf2 Rhe8 13. h4 h6 14. h5 Bc2 15. Be3 f5 16. Rc1 Be4 17. Nxe4 fxe4 18. Be2 f5 19. c4 Nf8 20. g3 Ne6 21. Rhd1 Rf8 22. c5 Bc7 23. d5 cxd5 24. Rxd5 Rad8 25. Rcd1 Kf6 26. Bc4 Rxd5 27. Bxd5 Rd8 28. Ke2 b6 29. b4 bxc5 30. bxc5 Ke7 31. c6 a6 32. Bc1 Nc5 33. Bc4 Rxd1 34. Kxd1 e3 1-0

[Event "45th FIDE Chess Olympiad Open"]
[Site "Budapest, Hungary"]
[Date "2024.09.12"]
[Round "2"]
[White "Supi, Luis Paulo"]
[Black "Santos Flores, Alberto"]
[Result "1-0"]
[WhiteElo "2570"]
[BlackElo "2168"]
[PlyCount "109"]
[EventDate "2024.??.??"]
[WhiteTeam "Brazil"]
[BlackTeam "Ecuador"]
[WhiteTeamCountry "BRA"]
[BlackTeamCountry "ECU"]
[WhiteClock "0:36:55"]
[BlackClock "0:13:27"]

1. c4 e6 2. Nf3 d5 3. g3 dxc4 4. Bg2 Nf6 5. O-O a6 6. Qc2 Bd6 7. Qxc4 b5 8. Qc2 Bb7 9. a4 ({RR} 9. b3 c5 10. Bb2 Nbd7 11. d3 O-O 12. Nbd2 Rc8 13. Rac1 Re8 14. Qb1 e5 15. Rfd1 Qb6 16. Qa1 h6 17. e3 Rcd8 18. a3 Qa7 19. h3 Qa8 20. e4 Qb8 21. Nf1 Nf8 22. Ne3 Ne6 23. Bxe5 Bxe5 {½-½ Supi,L (2556)-Mekhitarian,K (2531) Guayaquil zt 2.4 2019 (4)}) 9... c5 10. Nc3 Qb6 11. Ng5 $146 ({RR} 11. d3 O-O 12. axb5 axb5 13. Rxa8 Bxa8 14. Be3 Nbd7 15. b4 Ng4 16. Bxc5 Nxc5 17. bxc5 Bxc5 18. e3 Rc8 19. Nxb5 Nxe3 {0-1 Firat,B (2453)-Bluebaum,M (2643) Titled Tuesday intern op 17th April blitz 2017 (5)}) ({RR} 11. d3 Nbd7 12. axb5 axb5 13. Rxa8+ Bxa8 14. Qb3 b4 15. Na4 Qa6 16. Nd2 Bd5 17. Nc4 Bxc4 18. dxc4 Ne5 19. Bf4 Qxc4 20. Nxc5 Bxc5 21. Qxc4 Nxc4 22. Rc1 Kd7 23. Rxc4 Rc8 24. Kf1 Nd5 25. Bd2 g6 {½-½ Shimanov,A (2597)-Frolyanov,D (2556) Khanty-Mansiysk Governor Cup-A 8th 2012 (9)}) ({RR} 11. d3 O-O 12. axb5 axb5 13. Rxa8 Bxa8 14. Qb3 b4 15. Nd1 Nc6 16. Ne3 Na5 17. Nc4 Nxc4 18. Qxc4 Rc8 19. Nd2 Bxg2 20. Kxg2 Qc6+ 21. Kg1 Nd7 22. Qc2 Nb6 23. Rd1 h5 24. Nc4 Nxc4 25. Qxc4 Qd5 {½-½ Marin,M (2493)-Ogleznev,A (2359) ROM-chT Mamaia 2021 (4.3)}) 11... Bxg2 12. Kxg2 b4 13. Nce4 Nbd7 14. d3 h6 15. Nxf6+ Nxf6 16. Nf3 O-O 17. b3 Rac8 18. Bb2 Nd7 19. Qc4 Be7 20. Rac1 Qb7 21. Rc2 Bf6 22. Bxf6 Nxf6 23. Rfc1 Nd5 24. d4 Nb6 25. Qd3 cxd4 26. Qxd4 Rxc2 27. Rxc2 Nd5 28. Rc4 a5 29. Rc5 Qa6 30. Qd3 Qb6 31. Qb5 Qxb5 32. Rxb5 Ra8 33. Nd4 Ra6 34. Rc5 Ne7 35. Nf3 Nc6 36. Nd2 Kf8 37. e3 Ke7 38. Nc4 Kd7 39. Kf3 Ra7 40. h4 Ra6 41. g4 Ra7 42. Ke4 Ra6 43. f4 f6 44. Kd3 Ra7 45. h5 Ra6 46. e4 Ra7 47. e5 Ra6 48. exf6 gxf6 49. g5 fxg5 50. fxg5 Ke7 51. gxh6 Kf8 52. Nxa5 Rxa5 53. Rxc6 Rxh5 54. Rxe6 Kf7 55. Rb6 1-0

[Event "45th FIDE Chess Olympiad Open"]
[Site "Budapest, Hungary"]
[Date "2024.09.12"]
[Round "2"]
[White "Noboa Silva, Kevin"]
[Black "Fier, Alexandr"]
[Result "1/2-1/2"]
[WhiteElo "2270"]
[BlackElo "2551"]
[PlyCount "172"]
[EventDate "2024.??.??"]
[WhiteTeam "Ecuador"]
[BlackTeam "Brazil"]
[WhiteTeamCountry "ECU"]
[BlackTeamCountry "BRA"]
[WhiteClock "0:01:16"]
[BlackClock "0:37:20"]

1. d4 d5 2. c4 e6 3. Nc3 c6 4. cxd5 exd5 5. Bf4 Bd6 6. Bg3 Ne7 7. e3 Nf5 8. Bd3 Nxg3 9. hxg3 Nd7 10. Nf3 ({RR} 10. Qc2 Nf6 11. O-O-O g6 12. Kb1 Kf8 13. Nge2 Ng4 14. Nf4 Kg7 15. Qd2 Bxf4 16. gxf4 f5 17. Qe1 Re8 18. Ne2 Qe7 19. Ng1 a5 20. Nf3 Be6 21. Rc1 Qb4 22. Qe2 a4 23. a3 Qe7 24. Ne5 Nxe5 {1-0 Istratescu,A (2611)-Lautier,J (2682) Aix en Provence rapid 2004 (2.1)}) 10... Nf6 11. Qc2 h6 ({RR} 11... Qe7 12. O-O O-O 13. Rac1 g6 14. Rfe1 Bg4 15. Nh2 h5 16. Nxg4 Nxg4 17. Bxg6 fxg6 18. Qxg6+ Qg7 19. Qxd6 Rf6 20. Qa3 Nxf2 21. Re2 Qxg3 22. Qe7 Ng4 {0-1 Khasangatina,K (1088)-Truskavetsky,A (2348) Yialos Open 2023 (1.4)}) 12. Nh4 $146 ({RR} 12. O-O-O Qc7 13. Nh4 Bd7 14. Bf5 O-O-O 15. Bxd7+ Rxd7 16. Nf5 Bf8 17. Kb1 g6 18. Nh4 Bd6 19. Nf3 Re7 20. Rc1 Kb8 21. Ne1 Qd7 22. Nd3 h5 23. Na4 Ne4 24. b4 Ree8 25. Nac5 Qe7 26. Ka1 Rc8 {½-½ Adla,D-Garbarino,R (2250) ARG-ch 60th Buenos Aires 1986 (7)}) ({RR} 12. O-O-O Be6 13. Ng5 Bg4 14. Rde1 O-O 15. Bh7+ Kh8 16. Bf5 Bxf5 17. Qxf5 Kg8 18. Nf3 Qc8 19. Qc2 Re8 20. e4 dxe4 21. Nxe4 Nxe4 22. Rxe4 Rxe4 23. Qxe4 Qe8 24. Qf5 Qc8 25. Qe4 Qe8 26. Qf5 {½-½ Ftacnik,L (2535)-Sakaev,K (2540) Brno 1992 (6)}) 12... O-O 13. O-O Re8 14. Rfe1 Be6 15. Rad1 Bf8 16. a3 a5 17. Nf3 Bg4 18. Bf5 Bxf5 19. Qxf5 Qb6 20. Qc2 Re6 21. Na4 Qc7 22. Nc5 Bxc5 23. dxc5 a4 24. Rd4 Qa5 25. Rb4 Qa7 26. Rc1 Ne4 27. Nd2 Nf6 28. Nf3 Re7 29. Qd1 Re4 30. Nd4 Nd7 31. Nb5 Qa5 32. Rxe4 dxe4 33. Nd6 Nxc5 34. Qh5 Nd3 35. Qxf7+ Kh7 36. Nxb7 Qg5 37. Rc3 Ra7 38. Qe6 Nxf2 39. Kxf2 Rxb7 40. Qxe4+ Kh8 41. Rxc6 Rxb2+ 42. Kg1 Rb8 43. Ra6 Qxg3 44. Rxa4 Qe1+ 45. Kh2 Qb1 46. Qxb1 Rxb1 47. Kg3 Kh7 48. Ra6 h5 49. a4 Rb4 50. a5 Ra4 51. Ra7 Kh6 52. a6 Kg6 53. Ra8 Kg5 54. Kf3 h4 55. Ra7 g6 56. Ra8 Ra2 57. a7 Ra3 58. Kf2 Ra2+ 59. Kg1 Kg4 60. Rg8 Rxa7 61. Rxg6+ Kf5 62. Rg8 Re7 63. Kf2 Rh7 64. Rf8+ Ke4 65. Rf4+ Ke5 66. Rf3 Ke4 67. Rh3 Rh8 68. Ke2 Kf5 69. g3 Rg8 70. gxh4 Kg4 71. Rh1 Rh8 72. h5 Rh6 73. Kd3 Kf3 74. Rh4 Kg3 75. Rf4 Rxh5 76. Rf8 Ra5 77. e4 Kg4 78. Re8 Kf4 79. Rf8+ Kg4 80. Rf1 Kg5 81. Rf2 Ra3+ 82. Kd4 Ra4+ 83. Kd5 Ra5+ 84. Kd6 Ra6+ 85. Kc5 Ra5+ 86. Kb4 Re5 1/2-1/2